[Event "NB I. Maroczy csoport"]
[Site "Nyiregyhaza"]
[Date "2023.12.10"]
[Round "5.6"]
[White "Varga, Marcell"]
[Black "Rat, Dan-Ovidiu"]
[Result "1/2-1/2"]
[WhiteElo "2187"]
[BlackElo "2219"]
[PlyCount "42"]
[EventDate "2023.10.08"]
[EventType "team-tourn"]
[EventRounds "11"]
[EventCountry "HUN"]
[Source "chess.hu"]
[WhiteTeam "NYVSC "]
[BlackTeam "Pitypalatty Sakk SE"]
[WhiteTeamCountry "HUN"]
[BlackTeamCountry "HUN"]

1. Nf3 Nf6 2. c4 c6 3. Nc3 d5 4. d4 e6 5. Bg5 Be7 6. e3 Nbd7 7. Rc1 O-O 8. Bd3
b6 9. cxd5 exd5 10. O-O Bb7 11. h3 Re8 12. Bf4 Nf8 13. a3 Ng6 14. Bh2 Bd6 15.
b4 Bxh2+ 16. Nxh2 Qd6 17. Qb3 Re7 18. Rfd1 Rc8 19. Nf1 Nh5 20. Be2 Nf6 21. Ng3
Nh4 1/2-1/2

[Event "NB I. Maroczy csoport"]
[Site "Nyiregyhaza"]
[Date "2023.12.10"]
[Round "5.7"]
[White "Kovacs, Apollo"]
[Black "Racz, Zoltan"]
[Result "1/2-1/2"]
[WhiteElo "2154"]
[BlackElo "2236"]
[PlyCount "36"]
[EventDate "2023.10.08"]
[EventType "team-tourn"]
[EventRounds "11"]
[EventCountry "HUN"]
[Source "chess.hu"]
[WhiteTeam "Pitypalatty Sakk SE"]
[BlackTeam "NYVSC "]
[WhiteTeamCountry "HUN"]
[BlackTeamCountry "HUN"]

1. d4 Nf6 2. Nf3 c5 3. c3 b6 4. Bf4 e6 5. e3 Be7 6. h3 O-O 7. Nbd2 cxd4 8. cxd4
Bb7 9. Bd3 d6 10. O-O Nc6 11. a3 e5 12. Bh2 Re8 13. dxe5 dxe5 14. Bb5 e4 15.
Nd4 Qd5 16. Rc1 Rec8 17. Nxc6 Bxc6 18. Bc4 Qd7 1/2-1/2

[Event "NB I. Maroczy csoport"]
[Site "Nyiregyhaza"]
[Date "2023.12.10"]
[Round "5.8"]
[White "Hibjan, Tamas"]
[Black "Eberth, Zoltan Bela"]
[Result "1-0"]
[WhiteElo "2128"]
[BlackElo "1987"]
[PlyCount "64"]
[EventDate "2023.10.08"]
[EventType "team-tourn"]
[EventRounds "11"]
[EventCountry "HUN"]
[Source "chess.hu"]
[WhiteTeam "NYVSC "]
[BlackTeam "Pitypalatty Sakk SE"]
[WhiteTeamCountry "HUN"]
[BlackTeamCountry "HUN"]

1. e4 b6 2. d4 Bb7 3. Bd3 g6 4. Be3 Bg7 5. Nd2 e6 6. c3 Ne7 7. Qe2 d6 8. Nh3
Nd7 9. O-O O-O 10. f4 c5 11. Rad1 Qc7 12. Ng5 h6 13. Ngf3 Rae8 14. Qf2 f5 15.
e5 dxe5 16. dxe5 g5 17. Nc4 gxf4 18. Bxf4 Ng6 19. Qg3 Kh7 20. Nd6 Ndxe5 21.
Nxe5 Nxe5 22. Bxe5 Rg8 23. Rf2 Rd8 24. h4 Bf8 25. Qf4 Bxd6 26. Bxd6 Qc6 27.
Bxf5+ exf5 28. Qxf5+ Rg6 29. h5 Rdxd6 30. hxg6+ Rxg6 31. Rd7+ Qxd7 32. Qxd7+
Rg7 1-0

[Event "NB I. Maroczy csoport"]
[Site "Nyiregyhaza"]
[Date "2023.12.10"]
[Round "5.9"]
[White "Paal, Andras"]
[Black "Borsavolgyi, Tamas"]
[Result "1-0"]
[WhiteElo "1999"]
[BlackElo "2075"]
[PlyCount "89"]
[EventDate "2023.10.08"]
[EventType "team-tourn"]
[EventRounds "11"]
[EventCountry "HUN"]
[Source "chess.hu"]
[WhiteTeam "Pitypalatty Sakk SE"]
[BlackTeam "NYVSC "]
[WhiteTeamCountry "HUN"]
[BlackTeamCountry "HUN"]

1. e4 g6 2. d4 Bg7 3. Nc3 c6 4. Be3 Qb6 5. a3 Nh6 6. f3 e5 7. Nge2 f5 8. Qd2 f4
9. Bf2 Qc7 10. O-O-O d6 11. g4 Nf7 12. h4 h6 13. Kb1 a6 14. dxe5 dxe5 15. Na4
Nd7 16. Nc5 Nxc5 17. Bxc5 Be6 18. Qb4 b5 19. Qc3 Bf8 20. Nc1 Rc8 21. Rh2 Be7
22. Rhd2 O-O 23. Nd3 Rfe8 24. h5 gxh5 25. gxh5 Kh7 26. Rg2 Rg8 27. Rdd2 Rg5 28.
Bxe7 Qxe7 29. Nc5 Rcg8 30. Nxa6 Rxg2 31. Rxg2 Rxg2 32. Bxg2 Qh4 33. Nc7 Bd7 34.
Qd2 Bc8 35. b3 Qe7 36. Qa5 Qg5 37. Qa8 Bd7 38. Qf8 Qxg2 39. Qxf7+ Qg7 40. Qxg7+
Kxg7 41. a4 bxa4 42. bxa4 Bg4 43. a5 Bxf3 44. a6 Bxe4 45. Ne6+ 1-0

[Event "NB I. Maroczy csoport"]
[Site "Nyiregyhaza"]
[Date "2023.12.10"]
[Round "5.10"]
[White "Egyed, Judit"]
[Black "Mizik, Zsolt"]
[Result "1/2-1/2"]
[WhiteElo "2072"]
[BlackElo "1978"]
[PlyCount "206"]
[EventDate "2023.10.08"]
[EventType "team-tourn"]
[EventRounds "11"]
[EventCountry "HUN"]
[Source "chess.hu"]
[WhiteTeam "NYVSC "]
[BlackTeam "Pitypalatty Sakk SE"]
[WhiteTeamCountry "HUN"]
[BlackTeamCountry "HUN"]

1. e4 e5 2. Nf3 Nc6 3. Bb5 a6 4. Ba4 Nf6 5. d3 d6 6. h3 Be7 7. O-O O-O 8. Re1
Bd7 9. c3 h6 10. Nbd2 Re8 11. Nf1 Bf8 12. Ng3 b5 13. Bc2 Ne7 14. Nh4 c5 15. Qf3
Nh7 16. Bb3 Be6 17. Bxe6 fxe6 18. Qg4 Nf6 19. Qxe6+ Kh7 20. Qf7 Qd7 21. Re3 Ra7
22. Rf3 Neg8 23. Qg6+ Kh8 24. Nh5 Nxh5 25. Qxh5 Kh7 26. Qg6+ Kh8 27. Be3 Re6
28. Qf5 Nf6 29. Rg3 Re8 30. Ng6+ Kg8 31. Qf3 Kh7 32. b4 Qe6 33. bxc5 Rc7 34.
Nxf8+ Rxf8 35. cxd6 Rxc3 36. Qf5+ Qxf5 37. exf5 Rxd3 38. Bc5 Rd5 39. Ba3 a5 40.
Rc1 b4 41. Bb2 Ne4 42. Re3 Nxd6 43. g4 Re8 44. Rc7 Nb5 45. Rb7 a4 46. f6 Kg6
47. f7 Rf8 48. Rxe5 a3 49. Re6+ Kh7 50. Be5 b3 51. axb3 a2 52. Bb2 Rd1+ 53. Kg2
Nd6 54. Rd7 Rb1 55. Rexd6 Rxb2 56. Ra6 g6 57. Rda7 Kg7 58. Rxa2 Rxb3 59. R2a6
Rxf7 60. Rxf7+ Kxf7 61. f3 Kg7 62. h4 Rc3 63. Kg3 Rc4 64. g5 hxg5 65. hxg5 Rb4
66. Ra7+ Kg8 67. Re7 Rc4 68. Re4 Rc5 69. Kg4 Kf7 70. Rb4 Ra5 71. Rb7+ Kg8 72.
f4 Rc5 73. Kf3 Ra5 74. Rd7 Ra4 75. Ke3 Kf8 76. Rd4 Ra1 77. Ke4 Re1+ 78. Kd5 Kf7
79. Ra4 Rd1+ 80. Ke4 Re1+ 81. Kf3 Rf1+ 82. Ke2 Rb1 83. Ra6 Rb3 84. Rf6+ Kg7 85.
Kf2 Rc3 86. Re6 Kf7 87. Re3 Rc4 88. Kf3 Ra4 89. Rd3 Rb4 90. Rd7+ Kg8 91. Ke3
Rb1 92. Ke4 Re1+ 93. Kd5 Kf8 94. Rb7 Re2 95. Kd6 Re4 96. f5 gxf5 97. g6 f4 98.
Rf7+ Kg8 99. Kd5 Re1 100. Rxf4 Rg1 101. Rf6 Kg7 102. Ra6 Rxg6 103. Rxg6+ Kxg6
1/2-1/2

[Event "NB I. Maroczy csoport"]
[Site "Nyiregyhaza"]
[Date "2023.12.10"]
[Round "5.12"]
[White "Hurkovszkij, Vladyslav"]
[Black "Kacsandi, Lili Fruzsina"]
[Result "1-0"]
[WhiteElo "1975"]
[BlackElo "1793"]
[PlyCount "59"]
[EventDate "2023.10.08"]
[EventType "team-tourn"]
[EventRounds "11"]
[EventCountry "HUN"]
[Source "chess.hu"]
[WhiteTeam "NYVSC "]
[BlackTeam "Pitypalatty Sakk SE"]
[WhiteTeamCountry "HUN"]
[BlackTeamCountry "HUN"]

1. d4 Nf6 2. Bf4 g6 3. e3 Bg7 4. h3 O-O 5. Nf3 d5 6. c3 e6 7. Nbd2 Re8 8. Bd3
Qe7 9. O-O c5 10. Re1 Nc6 11. Qc2 a6 12. a4 b6 13. Bf1 Bb7 14. Qb3 Nd7 15. Be2
Rac8 16. Bg3 Qd8 17. Rac1 Qe7 18. Qa3 cxd4 19. Qxe7 Nxe7 20. exd4 Nc6 21. Bd3
Na5 22. b3 Nc6 23. b4 a5 24. Bb5 Red8 25. Nb3 axb4 26. cxb4 Nxb4 27. Bc7 Ba6
28. Bxd8 Rxd8 29. Rc7 Bxb5 30. axb5 1-0

[Event "NB I. Maroczy csoport"]
[Site "Miskolc"]
[Date "2023.12.10"]
[Round "5.1"]
[White "Stankovic, Milos"]
[Black "Hajnal, Zoltan"]
[Result "1/2-1/2"]
[WhiteElo "2460"]
[BlackElo "2382"]
[PlyCount "70"]
[EventDate "2023.10.08"]
[EventType "team-tourn"]
[EventRounds "11"]
[EventCountry "HUN"]
[Source "chess.hu"]
[WhiteTeam "Maroczy SE I."]
[BlackTeam "DVTK I."]
[WhiteTeamCountry "HUN"]
[BlackTeamCountry "HUN"]

1. e4 e5 2. Nf3 Nc6 3. Nc3 Nf6 4. Bb5 Bd6 5. d3 O-O 6. Bg5 Be7 7. O-O d6 8. h3
Bd7 9. Re1 h6 10. Bh4 a6 11. Bxc6 Bxc6 12. d4 exd4 13. Nxd4 Nd7 14. Bxe7 Qxe7
15. Qh5 Qe5 16. Qxe5 Nxe5 17. b3 Rfe8 18. f4 Nd7 19. Rad1 Rad8 20. Kf2 Re7 21.
Nf5 Re6 22. Nd5 Bxd5 23. exd5 Rxe1 24. Rxe1 h5 25. Kf3 g6 26. Nd4 Kf8 27. g4
hxg4+ 28. hxg4 Re8 29. Rh1 Kg7 30. c4 Nc5 31. g5 Nd3 32. Rd1 Nc5 33. Rh1 Nd3
34. Rd1 Nc5 35. Rh1 Nd3 1/2-1/2

[Event "NB I. Maroczy csoport"]
[Site "Miskolc"]
[Date "2023.12.10"]
[Round "5.2"]
[White "Turcsanyi, Vince Gergo"]
[Black "Palkovi, Jozsef"]
[Result "0-1"]
[WhiteElo "2179"]
[BlackElo "2374"]
[PlyCount "262"]
[EventDate "2023.10.08"]
[EventType "team-tourn"]
[EventRounds "11"]
[EventCountry "HUN"]
[Source "chess.hu"]
[WhiteTeam "DVTK I."]
[BlackTeam "Maroczy SE I."]
[WhiteTeamCountry "HUN"]
[BlackTeamCountry "HUN"]

1. c4 c5 2. Nf3 Nc6 3. e3 e6 4. Nc3 d5 5. cxd5 exd5 6. d4 Nf6 7. Bb5 Bd6 8.
dxc5 Bxc5 9. O-O O-O 10. b3 a6 11. Bxc6 bxc6 12. Bb2 Bd6 13. Rc1 Bg4 14. h3 Bh5
15. Ne2 Rc8 16. Nf4 Bxf4 17. exf4 Bxf3 18. Qxf3 Ne4 19. Qg4 Nf6 20. Qg5 Re8 21.
Rc2 Re6 22. f5 h6 23. Qc1 Rd6 24. Be5 d4 25. Bxd6 Qxd6 26. Rd1 c5 27. b4 Ne4
28. bxc5 Rxc5 29. f3 d3 30. Rxc5 Qd4+ 31. Kh1 Nxc5 32. Qd2 f6 33. Rc1 Na4 34.
Qd1 Kh7 35. Qd2 a5 36. Re1 Nb2 37. Re4 Qd5 38. Re3 Qxa2 39. Re1 a4 40. Kh2 Qb3
41. Qf4 Nc4 42. Re7 Qb4 43. Rd7 Qb5 44. Rxd3 a3 45. Qg3 Qxf5 46. Rb3 Nd2 47.
Qb8 Nxb3 48. Qxb3 Qf4+ 49. Kh1 Qc1+ 50. Kh2 Qc7+ 51. Kh1 Qa7 52. Qc2+ g6 53.
Qa2 Kg7 54. h4 h5 55. Kh2 Qa4 56. Kh3 Qd7+ 57. Kh2 Qc7+ 58. Kh3 Qc5 59. Kh2 Kf8
60. Qb3 Qd6+ 61. Kh1 Qa6 62. Qa2 Ke7 63. Kh2 Qd6+ 64. Kh1 Qb4 65. Qe2+ Kf7 66.
Qa2+ Kg7 67. g3 Qe1+ 68. Kg2 Qc1 69. Qe6 Qc2+ 70. Kh1 Qb1+ 71. Kg2 Qb7 72. Kh2
Qf7 73. Qa6 a2 74. Qa3 Kh7 75. Kg2 f5 76. f4 Qd5+ 77. Kh2 Kg8 78. Qa6 Qf7 79.
Qa3 Kh7 80. Kg2 Qd5+ 81. Kh2 Kg8 82. Qa6 Kf7 83. Qa7+ Ke6 84. Qg7 Qa5 85. Qxg6+
Kd7 86. Qf7+ Kc6 87. Qe6+ Kc5 88. Qe5+ Kb4 89. Qb2+ Kc4 90. Qc2+ Kd4 91. Qf2+
Kd3 92. Qf1+ Kd2 93. Qf2+ Kd1 94. Qf3+ Kc1 95. Qf1+ Kb2 96. Qe2+ Kb3 97. Qd1+
Kb2 98. Qe2+ Kc1 99. Qf1+ Kd2 100. Qf2+ Kd3 101. Qf1+ Kd4 102. Qf2+ Kd5 103.
Qf3+ Kd6 104. Qd3+ Qd5 105. Qa6+ Ke7 106. Qa7+ Kf6 107. Qa3 Qe6 108. Kh3 Kg6
109. Qa8 Qf7 110. Qa6+ Kh7 111. Qa5 Qe6 112. Qc7+ Kh6 113. Qa5 Qg8 114. Qa6+
Kh7 115. Kh2 Qd5 116. Qa7+ Kg6 117. Qb6+ Kf7 118. Qc7+ Kf6 119. Qb6+ Qe6 120.
Qb2+ Kg6 121. Kh3 Qa6 122. Qa1 Qe2 123. Qc1 Qe4 124. Kh2 Qa4 125. Qc8 a1=Q 126.
Qe6+ Qf6 127. Qg8+ Kh6 128. Qc8 Qa2+ 129. Kh3 Qf2 130. Qb7 Qg6 131. Qb3 Qg4#
0-1

[Event "NB I. Maroczy csoport"]
[Site "Miskolc"]
[Date "2023.12.10"]
[Round "5.3"]
[White "Nestorovic, Lazar"]
[Black "Fusthy, Zsolt"]
[Result "1-0"]
[WhiteElo "2337"]
[BlackElo "2222"]
[PlyCount "65"]
[EventDate "2023.10.08"]
[EventType "team-tourn"]
[EventRounds "11"]
[EventCountry "HUN"]
[Source "chess.hu"]
[WhiteTeam "Maroczy SE I."]
[BlackTeam "DVTK I."]
[WhiteTeamCountry "HUN"]
[BlackTeamCountry "HUN"]

1. e4 e6 2. d4 d5 3. e5 c5 4. c3 Nc6 5. Nf3 Bd7 6. Be2 Rc8 7. O-O Qb6 8. dxc5
Bxc5 9. b4 Bf8 10. Na3 Qc7 11. c4 Nxe5 12. cxd5 Bxb4 13. Rb1 a5 14. Nxe5 Qxe5
15. Nc4 Qxd5 16. Nb6 Qxd1 17. Rxd1 Rxc1 18. Rbxc1 Bc6 19. Bf3 Ne7 20. Bxc6+
bxc6 21. Rd3 a4 22. Rc4 c5 23. a3 Ba5 24. Rxa4 Nc6 25. Rd6 Bxb6 26. Rxc6 Bd8
27. Rxc5 Kd7 28. Ra7+ Kd6 29. Rc8 Rf8 30. a4 h5 31. a5 g6 32. a6 Bb6 33. Rxf8
1-0

[Event "NB I. Maroczy csoport"]
[Site "Miskolc"]
[Date "2023.12.10"]
[Round "5.4"]
[White "Gathi, Donat"]
[Black "Nestorovic, Dejan"]
[Result "1-0"]
[WhiteElo "2162"]
[BlackElo "2314"]
[PlyCount "71"]
[EventDate "2023.10.08"]
[EventType "team-tourn"]
[EventRounds "11"]
[EventCountry "HUN"]
[Source "chess.hu"]
[WhiteTeam "DVTK I."]
[BlackTeam "Maroczy SE I."]
[WhiteTeamCountry "HUN"]
[BlackTeamCountry "HUN"]

1. e4 c5 2. Nf3 e6 3. d4 cxd4 4. Nxd4 a6 5. Bd3 Nf6 6. c4 d6 7. O-O Be7 8. b3
O-O 9. Qe2 Bd7 10. Bb2 Nc6 11. Nd2 Qa5 12. Nxc6 Bxc6 13. f4 Rad8 14. Nf3 Qh5
15. Rad1 Rfe8 16. Qe1 d5 17. Bxf6 Bxf6 18. cxd5 exd5 19. e5 Be7 20. Kh1 Bc5 21.
Qg3 h6 22. f5 d4 23. Rde1 Bb5 24. f6 Bf8 25. Bxb5 axb5 26. Re4 d3 27. Rh4 Qf5
28. Rf4 Qh7 29. Rd4 Rxd4 30. Nxd4 Rd8 31. e6 Bd6 32. e7 Bxe7 33. fxe7 Re8 34.
Nf5 d2 35. Qc3 g6 36. Qxd2 1-0

[Event "NB I. Maroczy csoport"]
[Site "Miskolc"]
[Date "2023.12.10"]
[Round "5.5"]
[White "Papp, Bence"]
[Black "Zambo, Zoltan Istvan"]
[Result "0-1"]
[WhiteElo "2280"]
[BlackElo "2291"]
[PlyCount "68"]
[EventDate "2023.10.08"]
[EventType "team-tourn"]
[EventRounds "11"]
[EventCountry "HUN"]
[Source "chess.hu"]
[WhiteTeam "Maroczy SE I."]
[BlackTeam "DVTK I."]
[WhiteTeamCountry "HUN"]
[BlackTeamCountry "HUN"]

1. d4 d5 2. Nf3 Nf6 3. Bf4 e6 4. e3 Bd6 5. Ne5 O-O 6. Nd2 c5 7. c3 Qc7 8. Bd3
Nc6 9. Ndf3 Ne4 10. Nxc6 Bxf4 11. Nce5 Bxe5 12. Nxe5 f6 13. Nf3 b6 14. O-O a5
15. Bxe4 dxe4 16. Nd2 Ba6 17. Re1 Bd3 18. f3 f5 19. fxe4 fxe4 20. Qg4 Qc6 21.
Nf1 Rf6 22. Ng3 Raf8 23. Nh5 Rg6 24. Qh3 Rh6 25. Qg4 Rg6 26. Qh3 Qb5 27. Nf4
Rh6 28. Qg4 Qxb2 29. Nxe6 Rg6 30. Qh3 Qf2+ 31. Kh1 Bf1 32. Nf4 Rxf4 33. Qc8+
Rf8 34. Qxf8+ Qxf8 0-1

[Event "NB I. Maroczy csoport"]
[Site "Miskolc"]
[Date "2023.12.10"]
[Round "5.6"]
[White "Horvath, Kristof"]
[Black "Tubak, Daniel"]
[Result "0-1"]
[WhiteElo "2119"]
[BlackElo "2205"]
[PlyCount "75"]
[EventDate "2023.10.08"]
[EventType "team-tourn"]
[EventRounds "11"]
[EventCountry "HUN"]
[Source "chess.hu"]
[WhiteTeam "DVTK I."]
[BlackTeam "Maroczy SE I."]
[WhiteTeamCountry "HUN"]
[BlackTeamCountry "HUN"]

1. e4 e5 2. Nf3 Nc6 3. Bc4 Bc5 4. c3 Nf6 5. d3 d6 6. O-O a5 7. Re1 Ba7 8. h3 h6
9. Nbd2 g5 10. Nf1 g4 11. hxg4 Nxg4 12. d4 Rg8 13. Bb5 Bd7 14. Ne3 Qf6 15. Nd5
Qg7 16. Nh4 Kd8 17. Nf5 Bxf5 18. exf5 Nf6 19. Ne3 exd4 20. cxd4 Nxd4 21. Bf1
Kd7 22. Bd2 Rae8 23. Bc3 Ne4 24. f6 Qxf6 25. Ng4 Qg7 26. Qa4+ Kd8 27. Rad1 Nxc3
28. Rxe8+ Rxe8 29. bxc3 Nc6 30. Rb1 Bb6 31. Qf4 Re6 32. Bd3 h5 33. Ne3 Bxe3 34.
fxe3 Qxc3 35. Qh4+ Ne7 36. Rb3 Qc1+ 37. Kh2 Qxe3 38. Bc4 0-1

[Event "NB I. Maroczy csoport"]
[Site "Miskolc"]
[Date "2023.12.10"]
[Round "5.7"]
[White "Nagy, Daniel"]
[Black "Dobai, Szabolcs"]
[Result "1-0"]
[WhiteElo "2311"]
[BlackElo "2106"]
[PlyCount "65"]
[EventDate "2023.10.08"]
[EventType "team-tourn"]
[EventRounds "11"]
[EventCountry "HUN"]
[Source "chess.hu"]
[WhiteTeam "Maroczy SE I."]
[BlackTeam "DVTK I."]
[WhiteTeamCountry "HUN"]
[BlackTeamCountry "HUN"]

1. d4 Nf6 2. c4 e6 3. Nf3 b6 4. a3 Ba6 5. Qc2 Bb7 6. Nc3 c5 7. e4 cxd4 8. Nxd4
Bc5 9. Nb3 Nc6 10. Bg5 Be7 11. Rd1 O-O 12. Be2 d6 13. O-O a6 14. Be3 Qc7 15. f4
Nb8 16. h3 Nbd7 17. Bd3 Rac8 18. Qf2 Qb8 19. Nd2 Nc5 20. Bb1 Bc6 21. b4 Ncd7
22. Rc1 b5 23. cxb5 axb5 24. Bd3 Qb7 25. a4 Qb8 26. axb5 Bb7 27. b6 d5 28. e5
Ne8 29. Na4 Bxb4 30. Bb5 Rd8 31. Nb3 f6 32. Nd4 Kf7 33. f5 1-0

[Event "NB I. Maroczy csoport"]
[Site "Miskolc"]
[Date "2023.12.10"]
[Round "5.8"]
[White "Herczeg, Marcell"]
[Black "Kopasz, Robert"]
[Result "1/2-1/2"]
[WhiteElo "2064"]
[BlackElo "2231"]
[PlyCount "82"]
[EventDate "2023.10.08"]
[EventType "team-tourn"]
[EventRounds "11"]
[EventCountry "HUN"]
[Source "chess.hu"]
[WhiteTeam "DVTK I."]
[BlackTeam "Maroczy SE I."]
[WhiteTeamCountry "HUN"]
[BlackTeamCountry "HUN"]

1. e4 c6 2. Nc3 d5 3. Nf3 Bg4 4. h3 Bxf3 5. Qxf3 e6 6. d4 Nf6 7. Bg5 Be7 8.
O-O-O dxe4 9. Nxe4 Nxe4 10. Bxe7 Qxe7 11. Qxe4 Nd7 12. Qe3 Nf6 13. g3 O-O 14.
Kb1 Rfd8 15. Bd3 Rd7 16. c3 b5 17. Bc2 a5 18. g4 b4 19. g5 Nd5 20. Qe4 g6 21.
c4 Nb6 22. h4 Rc7 23. h5 Re8 24. Qh4 Nxc4 25. hxg6 fxg6 26. Bxg6 Rf8 27. Bd3
Nd6 28. Qg4 Nf5 29. g6 Qf6 30. Rdg1 hxg6 31. Qxg6+ Qxg6 32. Rxg6+ Ng7 33. Bc4
Re8 34. Rhh6 Rce7 35. Kc1 Kf8 36. Rf6+ Rf7 37. Bxe6 Rxf6 38. Rxf6+ Ke7 39. Rf7+
Kxe6 40. Rxg7 Rf8 41. Rg5 Rxf2 1/2-1/2

[Event "NB I. Maroczy csoport"]
[Site "Miskolc"]
[Date "2023.12.10"]
[Round "5.9"]
[White "Csizmadia, Laszlo"]
[Black "Kovacs, Tamas"]
[Result "1-0"]
[WhiteElo "2313"]
[BlackElo "2071"]
[PlyCount "71"]
[EventDate "2023.10.08"]
[EventType "team-tourn"]
[EventRounds "11"]
[EventCountry "HUN"]
[Source "chess.hu"]
[WhiteTeam "Maroczy SE I."]
[BlackTeam "DVTK I."]
[WhiteTeamCountry "HUN"]
[BlackTeamCountry "HUN"]

1. d4 Nf6 2. c4 e6 3. Nc3 Bb4 4. f3 c5 5. d5 e5 6. e4 d6 7. Bd3 Bxc3+ 8. bxc3
O-O 9. Ne2 Ne8 10. O-O g6 11. f4 Nd7 12. f5 f6 13. h4 Ng7 14. Ng3 Kh8 15. fxg6
hxg6 16. h5 g5 17. h6 Ne8 18. Be2 Nb6 19. a4 Bd7 20. a5 Nc8 21. Bxg5 Rg8 22.
Bh4 Rg6 23. Bh5 Rxh6 24. Bxe8 Rxh4 25. Bxd7 Qxd7 26. Rxf6 Qg7 27. Nh5 Qg5 28.
Rf8+ Kh7 29. Nf6+ Kg7 30. Rg8+ Kxf6 31. Rxg5 Kxg5 32. Qf3 Ne7 33. Rf1 Ng6 34.
Qg3+ Kh5 35. Rf5+ Kh6 36. Rf6 1-0

[Event "NB I. Maroczy csoport"]
[Site "Miskolc"]
[Date "2023.12.10"]
[Round "5.10"]
[White "Rakaczki, Csaba"]
[Black "Koszta, Benedek"]
[Result "1-0"]
[WhiteElo "2096"]
[BlackElo "2121"]
[PlyCount "115"]
[EventDate "2023.10.08"]
[EventType "team-tourn"]
[EventRounds "11"]
[EventCountry "HUN"]
[Source "chess.hu"]
[WhiteTeam "DVTK I."]
[BlackTeam "Maroczy SE I."]
[WhiteTeamCountry "HUN"]
[BlackTeamCountry "HUN"]

1. e4 c5 2. d4 cxd4 3. c3 d3 4. Bxd3 Nc6 5. c4 g6 6. Nc3 Bg7 7. Be3 Nf6 8. h3
O-O 9. Nf3 d6 10. Rc1 b6 11. O-O Bb7 12. Qe2 Rc8 13. Rfd1 Nd7 14. b3 Qc7 15.
Bb1 Qb8 16. Qb2 Rfd8 17. Nh2 Nc5 18. f4 Qa8 19. Qe2 Nb8 20. Nd5 Re8 21. Bd4
Bxd4+ 22. Rxd4 Ne6 23. Rdd1 Bxd5 24. exd5 Nxf4 25. Qf3 e5 26. g3 Nh5 27. Ng4
Kg7 28. Rf1 Qb7 29. Qe3 Rf8 30. Qh6+ Kg8 31. Rf5 gxf5 32. Bxf5 f6 33. Bxc8 Qxc8
34. Qxh5 Qd7 35. Rf1 Qg7 36. Nh6+ Kh8 37. Nf5 Qg6 38. Qxg6 hxg6 39. Nxd6 Nd7
40. h4 f5 41. Nb5 Kg7 42. a3 Rc8 43. Rc1 a6 44. Nd6 Rd8 45. c5 bxc5 46. Nb7 Rc8
47. Nxc5 Nb6 48. d6 Kf7 49. Nxa6 Rd8 50. Rc6 Nc8 51. Rc7+ Ke6 52. d7 Ne7 53.
Nc5+ Kd6 54. Ra7 Nc6 55. Ra6 Kd5 56. Rb6 Nb8 57. Rxb8 Rxb8 58. Nb7 1-0

[Event "NB I. Maroczy csoport"]
[Site "Miskolc"]
[Date "2023.12.10"]
[Round "5.11"]
[White "Korosi, Zsombor"]
[Black "Kovacs, Kristof"]
[Result "0-1"]
[WhiteElo "1581"]
[BlackElo "1917"]
[PlyCount "76"]
[EventDate "2023.10.08"]
[EventType "team-tourn"]
[EventRounds "11"]
[EventCountry "HUN"]
[Source "chess.hu"]
[WhiteTeam "Maroczy SE I."]
[BlackTeam "DVTK I."]
[WhiteTeamCountry "HUN"]
[BlackTeamCountry "HUN"]

1. e4 e5 2. Nf3 Nc6 3. d4 exd4 4. Nxd4 Nf6 5. Nxc6 bxc6 6. Bd3 d5 7. e5 Ng4 8.
Bf4 Bc5 9. O-O g5 10. Bd2 Be6 11. Qe2 Bd4 12. Bc3 Bxc3 13. Nxc3 d4 14. Nb1 Rb8
15. b3 Qd5 16. Re1 Qa5 17. Nd2 Kd7 18. Nc4 Qc5 19. Qf3 Rbe8 20. Bf5 h5 21. Rad1
Kc8 22. Bxe6+ fxe6 23. Re2 Rhf8 24. Qg3 Rf4 25. h3 d3 26. Rxd3 h4 27. Qxg4 Rxg4
28. hxg4 Rf8 29. Kf1 Rf4 30. f3 Qf8 31. Red2 h3 32. Rd8+ Qxd8 33. Rxd8+ Kxd8
34. gxh3 Rxf3+ 35. Kg2 Rc3 36. Na3 Kd7 37. Kh2 c5 38. Kg2 Kc6 0-1

[Event "NB I. Maroczy csoport"]
[Site "Miskolc"]
[Date "2023.12.10"]
[Round "5.12"]
[White "Ress, Amira"]
[Black "Puskasne Dr. Kisbodri, Cecilia"]
[Result "1-0"]
[WhiteElo "1490"]
[BlackElo "1137"]
[PlyCount "89"]
[EventDate "2023.10.08"]
[EventType "team-tourn"]
[EventRounds "11"]
[EventCountry "HUN"]
[Source "chess.hu"]
[WhiteTeam "DVTK I."]
[BlackTeam "Maroczy SE I."]
[WhiteTeamCountry "HUN"]
[BlackTeamCountry "HUN"]

1. d4 Nf6 2. c4 c5 3. e3 e6 4. Nc3 d5 5. Nf3 b5 6. cxb5 Bd6 7. Bd2 O-O 8. Rc1
c4 9. b3 Ba3 10. Rb1 a6 11. bxc4 a5 12. c5 Ne8 13. Qb3 Bb4 14. a3 Bxc3 15. Bxc3
Nd7 16. b6 Bb7 17. Qa4 Ndf6 18. Ne5 Ne4 19. Bd2 Qf6 20. Nf3 g5 21. Bd3 g4 22.
Bxe4 dxe4 23. Ne5 Qd8 24. c6 Nd6 25. cxb7 Nxb7 26. Qd7 Rb8 27. Qxd8 Rfxd8 28.
Nc6 Nd6 29. Nxd8 Rxd8 30. Bxa5 Nc4 31. b7 Nxa5 32. b8=Q Rxb8 33. Rxb8+ Kg7 34.
Ke2 f5 35. Rc1 h5 36. Rc5 f4 37. exf4 Kf6 38. Rxa5 h4 39. Ra7 Kf5 40. Rf8+ Kg6
41. Raf7 e3 42. Kxe3 Kh5 43. Rf6 g3 44. Rh8+ Kg4 45. h3# 1-0

[Event "NB I. Maroczy csoport"]
[Site "Budapest"]
[Date "2023.12.10"]
[Round "5.1"]
[White "Groszpeter, Attila"]
[Black "Prorok, Marton"]
[Result "1/2-1/2"]
[WhiteElo "2427"]
[BlackElo "2332"]
[PlyCount "60"]
[EventDate "2023.10.08"]
[EventType "team-tourn"]
[EventRounds "11"]
[EventCountry "HUN"]
[Source "chess.hu"]
[WhiteTeam "Neumann J. Egyetem"]
[BlackTeam "Dr.  Hetenyi Geza SK"]
[WhiteTeamCountry "HUN"]
[BlackTeamCountry "HUN"]

1. d4 Nf6 2. Bf4 d5 3. e3 c5 4. Nf3 Nc6 5. Nbd2 Qb6 6. dxc5 Qxb2 7. Rb1 Qxa2 8.
Bb5 a6 9. Bxc6+ bxc6 10. Nb3 Bg4 11. O-O Nd7 12. Ra1 Qb2 13. Qd3 Bxf3 14. Rxa6
Rc8 15. gxf3 Qf6 16. Rfa1 e5 17. Ra8 Qd8 18. Rxc8 Qxc8 19. Bg3 h5 20. h4 Be7
21. Ra7 g5 22. hxg5 h4 23. Bh2 Rg8 24. Kf1 Rxg5 25. f4 Rg6 26. Qf5 e4 27. Ke2
Bf6 28. Nd4 Be7 29. Nb3 Rh6 30. Qg4 Rg6 1/2-1/2